[Event "Hannover-chD"]
[Site "Lehrte"]
[Date "2006.10.17"]
[Round "7"]
[White "Kiesel, Harald"]
[Black "Guitkis, Alexej"]
[Result "1/2-1/2"]
[WhiteElo "2075"]
[BlackElo "2060"]
[PlyCount "117"]
[EventDate "2006.10.14"]
[EventType "swiss"]
[EventRounds "7"]
[EventCountry "GER"]
[SourceTitle "EXT 2021"]
[Source "ChessBase"]
[SourceDate "2020.10.23"]
[SourceVersion "1"]
[SourceVersionDate "2020.10.23"]
[SourceQuality "1"]

1. e4 c5 2. Nf3 Nc6 3. Bb5 d6 4. Bxc6+ bxc6 5. 0-0 Bg4 6. d3 g6 7. Nc3 Bg7 8. h3 Bxf3 9. Qxf3 Rb8 10. Qe2 e5 11. b3 Ne7 12. Bb2 0-0 13. f4 exf4 14. Rxf4 d5 15. Na4 Bxb2 16. Nxb2 dxe4 17. Rxe4 Nf5 18. Qf2 Nd4 19. Nc4 f5 20. Ree1 f4 21. c3 Nb5 22. Ne5 Qd6 23. Qd2 Rbe8 24. Nf3 Rd8 25. Rad1 Nc7 26. c4 Rfe8 27. Re4 Rxe4 28. dxe4 Qxd2 29. Rxd2 Rxd2 30. Nxd2 Kf7 31. Kf2 Kf6 32. Nf3 g5 33. g3 Ne6 34. gxf4 Nxf4 35. Kg3 h6 36. Kg4 h5+ 37. Kg3 Ne2+ 38. Kf2 Nd4 39. Ne1 Ne6 40. Nd3 g4 41. hxg4 hxg4 42. Kg3 Kg5 43. Ne5 Nd4 44. Nxg4 Ne2+ 45. Kf3 Nd4+ 46. Kg3 Ne2+ 47. Kf2 Nc3 48. Ne5 Kf4 49. Nxc6 Kxe4 50. a4 Na2 51. Ke2 Nc1+ 52. Kd2 Nxb3+ 53. Kc3 Nc1 54. Nxa7 Na2+ 55. Kb2 Nb4 56. Kb3 Ke5 57. Nc8 Nc6 58. Nb6 Na5+ 59. Ka2 1/2-1/2

[Event "Hannover-chD"]
[Site "Lehrte"]
[Date "2006.10.15"]
[Round "4"]
[White "Guitkis, Alexej"]
[Black "Schulze, Dorothee"]
[Result "1-0"]
[WhiteElo "2060"]
[BlackElo "1939"]
[PlyCount "113"]
[EventDate "2006.10.14"]
[EventType "swiss"]
[EventRounds "7"]
[EventCountry "GER"]
[SourceTitle "EXT 2021"]
[Source "ChessBase"]
[SourceDate "2020.10.23"]
[SourceVersion "1"]
[SourceVersionDate "2020.10.23"]
[SourceQuality "1"]

1. e4 c5 2. Nc3 Nc6 3. f4 g6 4. Nf3 Bg7 5. Bb5 e6 6. Bxc6 bxc6 7. 0-0 Ne7 8. Re1 d5 9. e5 Nf5 10. b3 Ba6 11. Ba3 Bh6 12. g3 Qa5 13. Qc1 Nd4 14. Nxd4 cxd4 15. Nd1 c5 16. Nf2 0-0 17. Bb2 Rab8 18. d3 Rfc8 19. Qd1 Bg7 20. Qe2 Kh8 21. Kg2 Rb7 22. h4 Rd7 23. h5 Re8 24. Rh1 Ree7 25. hxg6 fxg6 26. Nh3 Kg8 27. Ng5 Bf8 28. Nf3 Rf7 29. a3 Bc8 30. Rhb1 Rb7 31. Qf2 Rfc7 32. Rc1 Qb5 33. Rab1 a5 34. Ba1 Qd7 35. a4 Rc6 36. Rh1 Qd8 37. Bb2 Rcc7 38. Bc1 Rf7 39. Bd2 Ra7 40. Qe1 Qb6 41. Qe2 Qc7 42. Ng5 Re7 43. Qf2 Qb6 44. Nf3 Rg7 45. Nh2 Be7 46. Ng4 Qd8 47. Nh6+ Kh8 48. g4 Qc7 49. Qe2 Bf8 50. g5 Be7 51. Ng4 Bd8 52. Rh6 Bd7 53. Rbh1 Kg8 54. Kg3 c4 55. Nf6+ Bxf6 56. gxf6 cxd3 57. cxd3 1-0

[Event "Hannover-ch op"]
[Site "Hannover"]
[Date "2003.10.26"]
[Round "7"]
[White "Guitkis, Alexej"]
[Black "Kull, Florian"]
[Result "1-0"]
[WhiteElo "2159"]
[BlackElo "2089"]
[PlyCount "63"]
[EventDate "2003.10.23"]
[EventType "swiss"]
[EventRounds "7"]
[EventCountry "GER"]
[SourceTitle "EXT 2021"]
[Source "ChessBase"]
[SourceDate "2020.10.23"]
[SourceVersion "1"]
[SourceVersionDate "2020.10.23"]
[SourceQuality "1"]

1. e4 e6 2. d4 d5 3. e5 c5 4. c3 Nc6 5. Nf3 Bd7 6. a3 f6 7. Bd3 Qc7 8. Bf4 c4 9. Bc2 0-0-0 10. Nbd2 Be8 11. Bg3 fxe5 12. Nxe5 Bd6 13. Nxc6 Qxc6 14. Qg4 Bf8 15. Nf3 Nf6 16. Qf4 Bd6 17. Qe3 Bxg3 18. hxg3 Bg6 19. Bxg6 hxg6 20. 0-0-0 Ne4 21. Ne5 Qc7 22. g4 Rhf8 23. f3 Nd6 24. Nxg6 Rf6 25. Ne5 b5 26. Rh7 a5 27. Qg5 Ne8 28. Kd2 b4 29. axb4 axb4 30. Ke2 Rd6 31. Rh8 Qd8 32. Qh5 1-0

[Event "Hannover-ch op"]
[Site "Hannover"]
[Date "2003.10.25"]
[Round "5"]
[White "Adibekian, Roubik"]
[Black "Guitkis, Alexej"]
[Result "1/2-1/2"]
[WhiteElo "1944"]
[BlackElo "2159"]
[PlyCount "82"]
[EventDate "2003.10.23"]
[EventType "swiss"]
[EventRounds "7"]
[EventCountry "GER"]
[SourceTitle "EXT 2021"]
[Source "ChessBase"]
[SourceDate "2020.10.23"]
[SourceVersion "1"]
[SourceVersionDate "2020.10.23"]
[SourceQuality "1"]

1. d4 d5 2. Nf3 e6 3. c4 Nf6 4. g3 Ne4 5. a3 Be7 6. Bg2 0-0 7. 0-0 b6 8. Nc3 Bb7 9. cxd5 Nxc3 10. bxc3 exd5 11. Ne5 Nd7 12. c4 f6 13. Nd3 Bd6 14. cxd5 f5 15. Bf4 Nf6 16. Qb3 Re8 17. Rfe1 Kh8 18. Rad1 Bxf4 19. Nxf4 Qd6 20. h4 Rad8 21. e3 Nxd5 22. Nd3 Ba8 23. Ne5 Qe7 24. e4 fxe4 25. Bxe4 Qf6 26. Qc2 c5 27. f4 cxd4 28. Rxd4 Rc8 29. Rc4 Ne7 30. Bxa8 Rxa8 31. Rc1 Rad8 32. Rd1 Rxd1+ 33. Qxd1 Ng6 34. Qd7 Rf8 35. Rc8 Rxc8 36. Qxc8+ Nf8 37. Kg2 Kg8 38. Kh2 Qe6 39. Qb8 Qa2+ 40. Kh3 Qe6+ 41. Kg2 Qa2+ 1/2-1/2

[Event "Langenhagen-ch op"]
[Site "Langenhagen"]
[Date "2003.06.20"]
[Round "4"]
[White "Guitkis, Alexej"]
[Black "Zucker, Stefan"]
[Result "1-0"]
[WhiteElo "2146"]
[BlackElo "1857"]
[PlyCount "37"]
[EventDate "2003.05.30"]
[EventType "swiss"]
[EventRounds "7"]
[EventCountry "GER"]
[SourceTitle "EXT 2021"]
[Source "ChessBase"]
[SourceDate "2020.10.23"]
[SourceVersion "1"]
[SourceVersionDate "2020.10.23"]
[SourceQuality "1"]

1. e4 d5 2. exd5 Qxd5 3. Nc3 Qa5 4. d4 Nf6 5. Bc4 c6 6. Nge2 Bf5 7. 0-0 e6 8. Ng3 Bg6 9. Qe2 Be7 10. f4 Bb4 11. Nce4 Nxe4 12. Nxe4 0-0 13. c3 Be7 14. g4 Re8 15. f5 exf5 16. Nd6 Bxd6 17. Qxe8+ Bf8 18. gxf5 Bh5 19. f6 1-0

[Event "Hannover Region-ch MT"]
[Site "Hannover"]
[Date "2003.03.08"]
[Round "6"]
[White "Guitkis, Alexej"]
[Black "Kleinschroth, Roland"]
[Result "0-1"]
[WhiteElo "2136"]
[BlackElo "2119"]
[PlyCount "84"]
[EventDate "2003.01.25"]
[EventType "tourn"]
[EventRounds "7"]
[EventCountry "GER"]
[SourceTitle "EXT 2022"]
[Source "ChessBase"]
[SourceDate "2021.10.06"]
[SourceVersion "1"]
[SourceVersionDate "2021.10.06"]
[SourceQuality "1"]

1. e4 e5 2. Nf3 d5 3. Nxe5 Bd6 4. Ng4 dxe4 5. Nc3 f5 6. Ne3 Nf6 7. Bc4 c6 8. Qe2 f4 9. Nf1 Qe7 10. f3 exf3 11. Qxe7+ Kxe7 12. gxf3 Bf5 13. d3 Nbd7 14. Nd2 Ne5 15. Bb3 g5 16. d4 Ng6 17. Nde4 h6 18. Nxf6 Kxf6 19. Ne4+ Bxe4 20. fxe4 Rhe8 21. e5+ Nxe5 22. dxe5+ Rxe5+ 23. Kf1 Rae8 24. Bd2 Re2 25. Bc3+ Kf5 26. Bc4 R2e3 27. Bd3+ Kg4 28. Bd4 Rh3 29. Kf2 c5 30. Bb5 Re7 31. Rag1+ Kh4 32. Bf6 Rf7 33. Bd8 c4 34. Bxc4 Bc5+ 35. Kf1 Rf3+ 36. Ke1 Re3+ 37. Kf1 Rf3+ 38. Ke2 Re3+ 39. Kf1 Rd7 40. b4 Rd1+ 41. Kf2 Rd2+ 42. Kf1 Bxb4 0-1

[Event "Hannover Region-ch MT"]
[Site "Hannover"]
[Date "2003.02.??"]
[Round "3"]
[White "Guitkis, Alexej"]
[Black "De Wiljes, Jan Hendrik"]
[Result "0-1"]
[WhiteElo "2136"]
[BlackElo "2269"]
[PlyCount "72"]
[EventDate "2003.01.25"]
[EventType "tourn"]
[EventRounds "7"]
[EventCountry "GER"]
[SourceTitle "EXT 2022"]
[Source "ChessBase"]
[SourceDate "2021.10.06"]
[SourceVersion "1"]
[SourceVersionDate "2021.10.06"]
[SourceQuality "1"]

1. e4 c5 2. d3 Nc6 3. Nf3 g6 4. g3 Bg7 5. Bg2 Nf6 6. 0-0 0-0 7. Nbd2 d5 8. exd5 Nxd5 9. h3 h6 10. Rb1 e5 11. Re1 Be6 12. Nc4 Qc7 13. Qe2 f6 14. c3 Rfe8 15. Ne3 Nde7 16. b3 Rad8 17. Bb2 Qd7 18. Rbd1 Bxh3 19. d4 Bxg2 20. Nxg2 cxd4 21. cxd4 exd4 22. Nxd4 Nxd4 23. Rxd4 Nd5 24. Ne3 Qf7 25. Qd2 f5 26. Rd1 Bxd4 27. Qxd4 Nf6 28. Qxd8 Rxd8 29. Rxd8+ Kh7 30. Nd5 Ng8 31. a4 g5 32. Rd6 f4 33. g4 Qe8 34. Kh2 h5 35. Nc7 Qe7 36. Nb5 a6 0-1

[Event "Hannover Region-ch MT"]
[Site "Hannover"]
[Date "2003.01.28"]
[Round "2"]
[White "Titzhoff, Frank"]
[Black "Guitkis, Alexej"]
[Result "0-1"]
[WhiteElo "1990"]
[BlackElo "2136"]
[PlyCount "126"]
[EventDate "2003.01.25"]
[EventType "tourn"]
[EventRounds "7"]
[EventCountry "GER"]
[SourceTitle "EXT 2022"]
[Source "ChessBase"]
[SourceDate "2021.10.06"]
[SourceVersion "1"]
[SourceVersionDate "2021.10.06"]
[SourceQuality "1"]

1. d4 d5 2. c4 e6 3. Nc3 c5 4. cxd5 cxd4 5. Qa4+ Bd7 6. Qxd4 exd5 7. Qxd5 Nc6 8. Bg5 Nf6 9. Qd2 h6 10. Bxf6 Qxf6 11. Nf3 0-0-0 12. e4 Bg4 13. Qe3 Bd6 14. Bb5 Bf4 15. Qc5 Bxf3 16. gxf3 Bd6 17. Qf5+ Qxf5 18. exf5 Nd4 19. Rc1 Bf4 20. Rb1 Nxf3+ 21. Ke2 Nd4+ 22. Kf1 Nxb5 23. Nxb5 Rd5 24. a4 a6 25. Nc3 Rxf5 26. Rd1 Be3 27. Ne4 Rf4 28. f3 f5 29. Ke2 Bb6 30. Nd6+ Kc7 31. Rd3 Bd4 32. Rhd1 Bxb2 33. Nxb7 Re8+ 34. Kf2 Rxa4 35. Nd6 Re5 36. R1d2 Ba3 37. Kg2 Bxd6 38. Rxd6 Re2+ 39. Kg3 Rxd2 40. Rxd2 g5 41. Rd5 f4+ 42. Kg4 Ra2 43. h4 Rg2+ 44. Kh5 gxh4 45. Kxh4 Rg3 46. Rf5 Rxf3 47. Rf6 Kb7 48. Rxh6 a5 49. Kg4 Rf2 50. Rh1 Ka6 51. Ra1 Kb5 52. Rb1+ Ka4 53. Kf5 f3 54. Ke4 Ka3 55. Rd1 a4 56. Ke3 Rc2 57. Kxf3 Kb2 58. Rd8 Rc3+ 59. Ke2 a3 60. Kd2 a2 61. Ra8 Rb3 62. Rf8 a1Q 63. Rf1 Qa5+ 0-1

[Event "Hannover Region-ch MT"]
[Site "Hannover"]
[Date "2003.01.25"]
[Round "1"]
[White "Guitkis, Alexej"]
[Black "Rinke, Nils"]
[Result "1-0"]
[WhiteElo "2136"]
[BlackElo "2005"]
[PlyCount "69"]
[EventDate "2003.01.25"]
[EventType "tourn"]
[EventRounds "7"]
[EventCountry "GER"]
[SourceTitle "EXT 2022"]
[Source "ChessBase"]
[SourceDate "2021.10.06"]
[SourceVersion "1"]
[SourceVersionDate "2021.10.06"]
[SourceQuality "1"]

1. e4 c5 2. Nf3 Nc6 3. g3 g6 4. Bg2 Bg7 5. 0-0 e6 6. d3 Nge7 7. Re1 0-0 8. Nbd2 d6 9. c3 Rb8 10. Nf1 b5 11. d4 cxd4 12. cxd4 d5 13. e5 Qb6 14. Bh3 a5 15. Bg5 Ba6 16. Qd2 b4 17. Qf4 Nf5 18. Bxf5 exf5 19. Ne3 Qb5 20. Rac1 Nd8 21. Bh6 Ne6 22. Qh4 Qd7 23. Bxg7 Kxg7 24. Qf6+ Kg8 25. Ng5 b3 26. a3 Rbc8 27. h4 Nxg5 28. Qxg5 Bd3 29. g4 Rc2 30. Nxc2 bxc2 31. Qe3 Qb5 32. e6 fxg4 33. e7 Re8 34. Qe5 Be4 35. Rxe4 1-0

[Event "Langenhagen-ch op"]
[Site "Langenhagen"]
[Date "2002.06.21"]
[Round "7"]
[White "Guitkis, Alexej"]
[Black "Hoffmann, Lukas"]
[Result "0-1"]
[WhiteElo "2197"]
[BlackElo "1690"]
[PlyCount "110"]
[EventDate "2002.05.03"]
[EventType "swiss"]
[EventRounds "7"]
[EventCountry "GER"]
[SourceTitle "EXT 2021"]
[Source "ChessBase"]
[SourceDate "2020.10.23"]
[SourceVersion "1"]
[SourceVersionDate "2020.10.23"]
[SourceQuality "1"]

1. e4 c5 2. Nf3 d6 3. d4 cxd4 4. Nxd4 Nf6 5. Nc3 g6 6. Be3 Bg7 7. Bc4 0-0 8. f3 Nc6 9. Qd2 Nd7 10. h4 Nb6 11. Be2 Ne5 12. b3 d5 13. exd5 Nxd5 14. Nxd5 Qxd5 15. c4 Qd8 16. Rd1 a6 17. h5 f6 18. hxg6 hxg6 19. Bh6 Nf7 20. Bxg7 Kxg7 21. Nc2 Bf5 22. Ne3 Be6 23. Bd3 Rh8 24. Rxh8 Qxh8 25. Qf2 Rd8 26. f4 Qh1+ 27. Kd2 Qh5 28. Kc2 Bg4 29. Rf1 Nd6 30. Nxg4 Qxg4 31. Qe2 Qxe2+ 32. Bxe2 Ne4 33. Rd1 Rxd1 34. Bxd1 b6 35. b4 Kf7 36. Bf3 Nd6 37. c5 bxc5 38. bxc5 Nb5 39. Bd5+ Ke8 40. Bc6+ Kd8 41. Kd3 Nc7 42. g3 Ne6 43. Kc4 Kc7 44. Be8 g5 45. f5 Ng7 46. Bg6 Kc6 47. a3 g4 48. Bh7 Nh5 49. Kd4 Nxg3 50. Ke3 Kxc5 51. Kf4 Nf1 52. Kxg4 Ne3+ 53. Kh5 Kd6 54. Kg6 Ke5 55. Kf7 Nxf5 0-1